[Event "Messina op 2nd"]
[Site "Messina"]
[Date "2012.08.29"]
[Round "4"]
[White "Zimmer, Hans Werner"]
[Black "Arico, Maurizio"]
[Result "1/2-1/2"]
[WhiteElo "1994"]
[BlackElo "1843"]
[PlyCount "59"]
[EventDate "2012.08.27"]
[EventType "swiss"]
[EventRounds "8"]
[EventCountry "ITA"]
[SourceTitle "EXT 2014"]
[Source "ChessBase"]
[SourceDate "2013.11.20"]
[SourceVersion "1"]
[SourceVersionDate "2013.11.20"]
[SourceQuality "1"]

1. e4 e6 2. d4 d5 3. e5 c5 4. c3 Nc6 5. Nf3 Bd7 6. Bd3 cxd4 7. cxd4 Qb6 8. 0-0 Nb4 9. Be2 Ne7 10. Nc3 Nbc6 11. Na4 Qd8 12. Bg5 h6 13. Nc5 Rb8 14. Bxe7 Bxe7 15. Rc1 0-0 16. Re1 Bxc5 17. Rxc5 Qe7 18. Qd2 Rfc8 19. Bb5 a6 20. Bxc6 Rxc6 21. Rxc6 Bxc6 22. Qa5 Qd8 23. Qxd8+ Rxd8 24. Rc1 Rc8 25. Nd2 Bd7 26. Rxc8+ Bxc8 27. b4 Bd7 28. Nb3 b6 29. Kf1 Bb5+ 30. Ke1 1/2-1/2

[Event "Porto San Giorgio op 18th"]
[Site "Porto San Giorgio"]
[Date "2006.08.21"]
[Round "1"]
[White "Horvath, Peter"]
[Black "Zimmer, Hans Werner"]
[Result "1-0"]
[WhiteElo "2465"]
[BlackElo "2037"]
[PlyCount "97"]
[EventDate "2006.08.21"]
[EventType "swiss"]
[EventRounds "9"]
[EventCountry "ITA"]
[SourceTitle "CBM 113 Extra"]
[Source "ChessBase"]
[SourceDate "2006.09.14"]
[SourceVersion "1"]
[SourceVersionDate "2006.09.14"]
[SourceQuality "1"]

1. d4 Nf6 2. c4 c5 3. d5 e6 4. Nc3 exd5 5. cxd5 d6 6. Nf3 g6 7. Nd2 Bg7 8. e4 0-0 9. Be2 Re8 10. 0-0 Nbd7 11. a4 a6 12. Ra3 Rb8 13. Qc2 Qc7 14. a5 b5 15. axb6 Rxb6 16. Nc4 Rb4 17. Bf4 Bf8 18. Rfa1 Nb6 19. b3 Nxc4 20. Bxc4 Bg7 21. Bd2 Qe7 22. Re1 Ng4 23. h3 Nxf2 24. Kxf2 Qh4+ 25. Ke2 Qh5+ 26. Kf1 Bxh3 27. Be2 Qh4 28. Bf3 Qg3 29. Re3 Bd7 30. Ne2 Bb5 31. Bxb4 cxb4 32. Ra5 Bxe2+ 33. Kxe2 Bh6 34. Qc6 Qe5 35. Rd3 f5 36. Qc4 Qb2+ 37. Kf1 fxe4 38. Bxe4 Qb1+ 39. Kf2 Qb2+ 40. Kg1 Qb1+ 41. Kh2 Qe1 42. Bf3 Bg7 43. Qg4 h5 44. Qg5 Qf2 45. Rd2 Qe1 46. Raa2 Be5+ 47. g3 Kh7 48. Re2 Qc3 49. Be4 1-0

[Event "Cesenatico op 9th"]
[Site "Cesenatico"]
[Date "2004.09.12"]
[Round "9"]
[White "Zimmer, Hans Werner"]
[Black "Emami, Madjid"]
[Result "0-1"]
[WhiteElo "1867"]
[BlackElo "2081"]
[PlyCount "70"]
[EventDate "2004.09.04"]
[EventType "swiss"]
[EventRounds "9"]
[EventCountry "ITA"]
[SourceTitle "EXT 2007"]
[Source "ChessBase"]
[SourceDate "2006.11.23"]
[SourceVersion "1"]
[SourceVersionDate "2006.11.23"]
[SourceQuality "1"]

1. e4 g6 2. d4 Bg7 3. Be3 c6 4. Nc3 d5 5. e5 f6 6. f4 Nh6 7. Qd2 Ng4 8. Bd3 Na6 9. a3 Nc7 10. Nge2 Nxe3 11. Qxe3 f5 12. h4 h5 13. Kf2 e6 14. Rh2 b6 15. Rah1 Ba6 16. Bxa6 Nxa6 17. g4 hxg4 18. h5 gxh5 19. Rh4 Qe7 20. Ng3 0-0-0 21. Nxh5 Nc7 22. b4 Bf8 23. Ne2 c5 24. c3 a5 25. bxa5 bxa5 26. a4 cxd4 27. cxd4 Qa3 28. Nc3 Bb4 29. Rc1 Kb7 30. Rhh1 Rc8 31. Rb1 Ka8 32. Rbc1 Bxc3 33. Rxc3 Qxa4 34. Qd2 Nb5 35. Rxc8+ Rxc8 0-1

[Event "Cesenatico op 9th"]
[Site "Cesenatico"]
[Date "2004.09.10"]
[Round "7"]
[White "Zimmer, Hans Werner"]
[Black "Ori, Marco"]
[Result "0-1"]
[WhiteElo "1867"]
[BlackElo "2081"]
[PlyCount "102"]
[EventDate "2004.09.04"]
[EventType "swiss"]
[EventRounds "9"]
[EventCountry "ITA"]
[SourceTitle "EXT 2007"]
[Source "ChessBase"]
[SourceDate "2006.11.23"]
[SourceVersion "1"]
[SourceVersionDate "2006.11.23"]
[SourceQuality "1"]

1. e4 c6 2. d4 d5 3. Nc3 dxe4 4. Nxe4 Nd7 5. Bc4 Ngf6 6. Ng5 e6 7. Qe2 Nb6 8. Bd3 h6 9. N5f3 c5 10. dxc5 Bxc5 11. Ne5 Nbd7 12. Ngf3 Qc7 13. 0-0 0-0 14. Re1 b6 15. Bd2 Nxe5 16. Nxe5 Bd4 17. Rad1 Bb7 18. c3 Bc5 19. Bf4 Rad8 20. Bg3 Qc8 21. Rd2 a5 22. Red1 Qa8 23. Ng4 Be7 24. Nxf6+ Bxf6 25. f3 Bd5 26. Bc7 Rc8 27. Bxb6 Rc6 28. Be3 Qc8 29. Be4 Bc4 30. Qf2 Ra6 31. Rd7 Bxa2 32. Bb7 Qc4 33. Bxa6 Qxa6 34. Bd4 Bb3 35. Ra1 Bxd4 36. Qxd4 a4 37. Qb4 Qe2 38. Ra7 Qe3+ 39. Kh1 Qxa7 40. Qxb3 axb3 41. Rxa7 Rd8 42. Kg1 Rd2 43. Rb7 Rxb2 44. Kf1 Kf8 45. Ke1 Rxg2 46. Rxb3 Rxh2 47. Kd1 h5 48. c4 Ke7 49. Rd3 Ra2 50. Kc1 Ra7 51. Kd2 Rd7 0-1

[Event "St Ingbert op"]
[Site "St Ingbert"]
[Date "1988.??.??"]
[Round "3"]
[White "Priepke, Wolfgang"]
[Black "Zimmer, Hans Werner"]
[Result "1/2-1/2"]
[WhiteElo "1472"]
[BlackElo "1872"]
[PlyCount "53"]
[EventDate "1988.08.20"]
[EventType "swiss"]
[EventRounds "9"]
[EventCountry "GER"]
[SourceTitle "EXT 2002"]
[Source "ChessBase"]
[SourceDate "2001.11.25"]
[SourceVersion "1"]
[SourceVersionDate "2001.11.25"]
[SourceQuality "1"]

1. e4 e5 2. Nf3 Nc6 3. Bc4 Nf6 4. d4 exd4 5. e5 d5 6. Bb5 Ne4 7. Nxd4 Bd7 8. Bxc6 bxc6 9. 0-0 Be7 10. f3 Nc5 11. f4 Ne4 12. Nc3 Nxc3 13. bxc3 c5 14. Nb3 Bb5 15. Rf3 c6 16. f5 Qc7 17. Bf4 0-0-0 18. a4 Ba6 19. Rb1 g5 20. Bg3 g4 21. Rf2 h5 22. e6 Bd6 23. Nxc5 Bxc5 24. Bxc7 Kxc7 25. e7 Rde8 26. Qe1 Rxe7 27. Qd2 1/2-1/2